| 000 | 00554cam a2200181 4500500 | ||
|---|---|---|---|
| 005 | 20260329005141.0 | ||
| 041 | _afre | ||
| 042 | _adc | ||
| 100 | 1 | 0 |
_aDurand, Jean-Marie _eauthor |
| 245 | 0 | 0 | _aLa République ? Quelles valeurs ? |
| 260 | _c2022. | ||
| 500 | _a43 | ||
| 690 | _aDémocratie | ||
| 690 | _aJean-Fabien Spitz | ||
| 690 | _aValeurs | ||
| 786 | 0 | _nPhilosophie magazine | 162 | 9 | 2022-09-01 | p. 55-56 | 1951-1787 | |
| 856 | 4 | 1 | _uhttps://shs.cairn.info/magazine-philosophie-magazine-2022-9-page-55?lang=fr&redirect-ssocas=7080 |
| 999 |
_c1840756 _d1840756 |
||